Loading...
| Current Events | 3 | 6.67 | 100% | 0% | 0% |
| Fine Arts - Classical Music | 8 | 17.50 | 100% | 50% | 50% |
| Fine Arts - Other Fine Arts | 11 | 14.55 | 82% | 46% | 18% |
| Fine Arts - Painting & Sculpture | 9 | 16.67 | 100% | 33% | 33% |
| Geography | 3 | 10.00 | 67% | 33% | 0% |
| History - American History | 9 | 11.11 | 78% | 56% | 0% |
| History - European History | 8 | 12.50 | 100% | 13% | 13% |
| History - Other History | 7 | 12.86 | 86% | 43% | 0% |
| History - World History | 10 | 10.00 | 80% | 20% | 0% |
| Literature - American Literature | 7 | 22.86 | 100% | 86% | 43% |
| Literature - British Literature | 10 | 18.00 | 90% | 90% | 10% |
| Literature - European Literature | 7 | 15.71 | 100% | 71% | 14% |
| Literature - World Literature | 5 | 18.00 | 100% | 80% | 0% |
| Mythology | 3 | 16.67 | 100% | 33% | 33% |
| Other Academic | 3 | 13.33 | 100% | 33% | 0% |
| Philosophy | 11 | 16.36 | 91% | 55% | 18% |
| Religion | 10 | 11.00 | 80% | 30% | 0% |
| Science - Biology | 4 | 5.00 | 50% | 0% | 0% |
| Science - Chemistry | 6 | 6.67 | 67% | 0% | 0% |
| Science - Other Science | 5 | 10.00 | 100% | 0% | 0% |
| Science - Physics | 10 | 10.00 | 80% | 10% | 10% |
| Social Science | 5 | 12.00 | 100% | 20% | 0% |